000 00318nam a2200121Ia 4500
008 190722s9999 xx 000 0 und d
020 _a978-1-4522-1686-7
100 _aJohn W. Creswell
245 0 _a30 Essential Skills for the Qualitative Researcher
260 _aNew Delhi
_bSAGE
_c2016
300 _a292
942 _cBK
999 _c703
_d703